000
00272 a2200097 4500
001
59589
090
_c
36458
_d
36458
100
_a
blume frank
245
_a
Applied calculus for scientists and engineers; Journey in dialogues
260
_a
London
_b
Jones and Bartlett pub
_c
2005
942
_a
NUST-CAE
_k
515 BLU
999
_c
294662
_d
294662